| 000 | 00445nam a22001697a 4500 | ||
|---|---|---|---|
| 003 | CEME | ||
| 005 | 20210628201953.0 | ||
| 008 | 210129b xxu||||| |||| 00| 0 eng d | ||
| 040 | _c. | ||
| 082 | _a297.211 MUH | ||
| 100 |
_aMehr Muhammad Iqbal Qadri _957660 |
||
| 245 | _aAsmaa-ul husna,with commentries | ||
| 260 |
_aLAHORE _bTAYYAB PUBLISHERS _c2000 |
||
| 300 | _a504P | ||
| 650 |
_aISLAM-ALLAH NAMES.ALLAH NAMES _957661 |
||
| 942 |
_cBK _2ddc |
||
| 999 |
_c567932 _d567932 |
||